<?xml version="1.0" encoding="UTF-8"?>
<collection xmlns="http://www.loc.gov/MARC21/slim">
 <record>
  <leader>02461nam a2200229Ia 4500</leader>
  <controlfield tag="001">CTU_175260</controlfield>
  <controlfield tag="008">210402s9999    xx            000 0 und d</controlfield>
  <datafield tag="020" ind1=" " ind2=" ">
   <subfield code="c">60000</subfield>
  </datafield>
  <datafield tag="082" ind1=" " ind2=" ">
   <subfield code="a">813.54</subfield>
  </datafield>
  <datafield tag="082" ind1=" " ind2=" ">
   <subfield code="b">B124</subfield>
  </datafield>
  <datafield tag="100" ind1=" " ind2=" ">
   <subfield code="a">Bachman, Richard</subfield>
  </datafield>
  <datafield tag="245" ind1=" " ind2="0">
   <subfield code="a">Blaze</subfield>
  </datafield>
  <datafield tag="245" ind1=" " ind2="0">
   <subfield code="c">Stephen King viết thay Richard Bachman ; Năm Hoàng, Tuấn Anh, Tacke Venus (Người dịch)</subfield>
  </datafield>
  <datafield tag="260" ind1=" " ind2=" ">
   <subfield code="a">Hà Nội</subfield>
  </datafield>
  <datafield tag="260" ind1=" " ind2=" ">
   <subfield code="b">Văn học</subfield>
  </datafield>
  <datafield tag="260" ind1=" " ind2=" ">
   <subfield code="c">2010</subfield>
  </datafield>
  <datafield tag="520" ind1=" " ind2=" ">
   <subfield code="a">Ngày trước, sau khi hoàn thành tác phẩm Blaze, gã nhà văn Richard Bachman đã chuyển chiếc máy chữ cũ kĩ Olivetti cho chàng trai Stephen King sử dụng để viết Carrie. Bachman qua đời năm 1985 vì chứng bệnh “ung thư ngòi bút” nhưng tác phẩm lãng quên mấy thập kỷ này đã được làm mới và xuất bản thành một cuốn tiểu thuyết hình sự đượm vẻ bi thảm với nhiều yếu tố kịch tính nổi tiếng và được NewYork Times bình chọn là một trong những cuốn tiểu thuyết bán chạy nhất. Clayton Blaisdell, Jr. chỉ là một tên tội phạm tầm thường, không có gì nổi trội kể cả với vết sẹo của vụ tai nạn mà hắn mang từ bé. Rồi một ngày, hắn gặp George Rackley – gã lưu manh có hàng trăm ngón nghề cùng những ý đồ đen tối. Hành động tội lỗi của hắn không thể thực hiện được nếu như không có sự ràng buộc với George mà hầu như trong tất cả mọi sự phối hợp phạm pháp này, George luôn là người chỉ huy. Điều khó hiểu là ở trong những lần phối hợp ngấm ngầm ấy, đồng phạm của Blaze là một kẻ đã chết hay chính bản thân hắn đã chết và để thể xác mình bị ma quỉ dẫn đường.</subfield>
  </datafield>
  <datafield tag="650" ind1=" " ind2=" ">
   <subfield code="a">Antiheroes,Kidnapping,American fiction,Nam nhân vật phản diện,Sự bắt cóc để tống tiền,Tiểu thuyết Mỹ</subfield>
  </datafield>
  <datafield tag="650" ind1=" " ind2=" ">
   <subfield code="x">Fiction,Fiction,Tiểu thuyết,Tiểu thuyết</subfield>
  </datafield>
  <datafield tag="650" ind1=" " ind2=" ">
   <subfield code="y">20th century,Thế kỷ 20</subfield>
  </datafield>
  <datafield tag="904" ind1=" " ind2=" ">
   <subfield code="i">Năm</subfield>
  </datafield>
  <datafield tag="980" ind1=" " ind2=" ">
   <subfield code="a">Trung tâm Học liệu Trường Đại học Cần Thơ</subfield>
  </datafield>
 </record>
</collection>
